[Event "NATO-ch 29th"]
[Site "Lubbock"]
[Date "2018.06.05"]
[Round "2"]
[White "Mestek, Igor"]
[Black "Drabke, Lorenz Maximilian"]
[Result "1/2-1/2"]
[WhiteElo "2099"]
[BlackElo "2419"]
[PlyCount "88"]
[EventDate "2018.06.04"]
[EventType "swiss"]
[EventRounds "7"]
[EventCountry "USA"]
[SourceTitle "EXT 2019"]
[Source "ChessBase"]
[SourceDate "2018.10.10"]
[SourceVersion "1"]
[SourceVersionDate "2018.10.10"]
[SourceQuality "1"]

1. e4 c5 2. Nf3 e6 3. d4 cxd4 4. Nxd4 a6 5. Nc3 b5 6. g3 Bb7 7. Bg2 Nf6 8. 0-0 b4 9. Na4 Bxe4 10. Bg5 Bxg2 11. Kxg2 Be7 12. Qf3 Ra7 13. Be3 Rc7 14. c3 bxc3 15. Nxc3 0-0 16. Rfd1 d5 17. Nb3 Nbd7 18. Qe2 Qa8 19. f3 Rfc8 20. Rac1 h6 21. Na4 Rxc1 22. Rxc1 Rxc1 23. Bxc1 Qc6 24. Nc3 e5 25. Bd2 Bd8 26. Be1 Bc7 27. Bf2 g5 28. h3 Kg7 29. Qd3 d4 30. Nb1 h5 31. N1d2 g4 32. hxg4 hxg4 33. Qf5 Nf8 34. Kg1 gxf3 35. Nxf3 Ng6 36. g4 Qe4 37. Nc5 Qxg4+ 38. Qxg4 Nxg4 39. Bg3 a5 40. a3 Bb6 41. Nd7 Bc7 42. Nxd4 Nf4 43. Bxf4 exf4 44. b4 axb4 1/2-1/2

[Event "NATO-ch 29th"]
[Site "Lubbock"]
[Date "2018.06.04"]
[Round "1"]
[White "Drabke, Lorenz Maximilian"]
[Black "Cirkvencic, Franci"]
[Result "1-0"]
[WhiteElo "2419"]
[BlackElo "2026"]
[PlyCount "91"]
[EventDate "2018.06.04"]
[EventType "swiss"]
[EventRounds "7"]
[EventCountry "USA"]
[SourceTitle "EXT 2019"]
[Source "ChessBase"]
[SourceDate "2018.10.10"]
[SourceVersion "1"]
[SourceVersionDate "2018.10.10"]
[SourceQuality "1"]

1. e4 c5 2. Nc3 d6 3. f4 g6 4. Nf3 Bg7 5. Bc4 Nc6 6. 0-0 e6 7. d3 Nge7 8. Qe1 Nd4 9. Nxd4 cxd4 10. Ne2 0-0 11. Bb3 Kh8 12. Kh1 e5 13. fxe5 dxe5 14. Rxf7 Rxf7 15. Bxf7 Qf8 16. Bb3 Qf6 17. Ng1 Bd7 18. Nf3 h6 19. Bd2 Nc6 20. Qg3 Rf8 21. h3 Be6 22. Nh4 g5 23. Bxe6 gxh4 24. Qg4 Qf2 25. Rd1 Rf6 26. Be1 Qxc2 27. Bb3 Qxb2 28. Qc8+ Rf8 29. Qxb7 Nd8 30. Qd7 Qe2 31. Bxh4 Nf7 32. Re1 Qh5 33. Be7 Rb8 34. Rc1 Kh7 35. Rf1 Ng5 36. Bf6 Qg6 37. Bxe5 Rd8 38. Qxd8 Bxe5 39. Qe7+ Bg7 40. Rf8 h5 41. h4 Nh3 42. gxh3 Qg3 43. Bg8+ Kh8 44. Be6+ Bxf8 45. Qxf8+ Kh7 46. Qg8+ 1-0

[Event "BL2-Sued 1718"]
[Site "Germany"]
[Date "2018.02.25"]
[Round "10.6"]
[White "Drabke, Lorenz Maximilian"]
[Black "Klings, Peter"]
[Result "1-0"]
[WhiteElo "2453"]
[BlackElo "2166"]
[PlyCount "137"]
[EventDate "2017.10.21"]
[EventType "team-tourn"]
[EventRounds "10"]
[EventCountry "GER"]
[SourceTitle "CBM 183 Extra"]
[Source "ChessBase"]
[SourceDate "2018.04.19"]
[SourceVersion "1"]
[SourceVersionDate "2018.04.19"]
[SourceQuality "1"]
[WhiteTeam "Baden-Baden II"]
[BlackTeam "Moerlenbach Birkenau"]
[WhiteTeamCountry "GER"]
[BlackTeamCountry "GER"]

1. e4 c6 2. c4 d5 3. cxd5 cxd5 4. exd5 Nf6 5. Nc3 Nxd5 6. Nf3 Nc6 7. Bb5 e6 8. 0-0 Be7 9. d4 0-0 10. Re1 Bd7 11. Bd3 Bf6 12. Be4 Re8 13. Qd3 h6 14. Bd2 Nce7 15. Ne5 Bxe5 16. dxe5 Nxc3 17. Bxc3 Bc6 18. Bb4 Qxd3 19. Bxd3 Rad8 20. Rad1 Rd7 21. f3 Kh8 22. Kf2 Red8 23. Bc2 Nd5 24. Bc5 b6 25. Bd6 Rc8 26. Bd3 b5 27. Rc1 a6 28. Rc5 Bb7 29. Rxc8+ Bxc8 30. Rc1 Bb7 31. h4 h5 32. g3 Kg8 33. Ke2 Rd8 34. Be4 Rd7 35. a3 f5 36. Bd3 Kf7 37. b3 Rd8 38. Rc5 Rc8 39. Rxc8 Bxc8 40. Bc2 f4 41. g4 g6 42. Bc5 Bb7 43. Kf2 Bc6 44. Be4 Bb7 45. Ke1 Bc6 46. Kd2 Bd7 47. Kd3 a5 48. Bf2 Ne7 49. Bc5 Nc6 50. Bd6 Be8 51. g5 Bd7 52. Kc3 Be8 53. Bd3 Na7 54. Kd4 Bc6 55. Bc5 Nc8 56. Be4 Bd7 57. Bb7 a4 58. bxa4 bxa4 59. Ke4 Ke8 60. Kxf4 Kd8 61. Ke3 Kc7 62. Be4 Be8 63. Kd4 Bf7 64. Kc4 Be8 65. Kb4 Nb6 66. Bxb6+ Kxb6 67. Bd3 Bc6 68. Bxg6 Bxf3 69. Bf7 1-0

[Event "BL2-Sued 1718"]
[Site "Germany"]
[Date "2018.02.03"]
[Round "7.6"]
[White "Drabke, Lorenz Maximilian"]
[Black "Schneider, Bernd1"]
[Result "1-0"]
[WhiteElo "2453"]
[BlackElo "2291"]
[PlyCount "109"]
[EventDate "2017.10.21"]
[EventType "team-tourn"]
[EventRounds "10"]
[EventCountry "GER"]
[SourceTitle "CBM 183 Extra"]
[Source "ChessBase"]
[SourceDate "2018.04.19"]
[SourceVersion "1"]
[SourceVersionDate "2018.04.19"]
[SourceQuality "1"]
[WhiteTeam "Baden-Baden II"]
[BlackTeam "Untergrombach"]
[WhiteTeamCountry "GER"]
[BlackTeamCountry "GER"]

1. e4 c5 2. Nf3 e6 3. c4 Nc6 4. Nc3 Nd4 5. d3 Ne7 6. Be2 d6 7. 0-0 Nec6 8. Nxd4 Nxd4 9. Be3 Be7 10. Bg4 a6 11. Bxd4 cxd4 12. Ne2 Bf6 13. f4 0-0 14. Qe1 b5 15. cxb5 axb5 16. Qb4 Qb6 17. Ng3 Ra4 18. Qd2 Qa5 19. Qxa5 Rxa5 20. Rfc1 Bd7 21. Rc7 Rd8 22. Bd1 Kf8 23. Bb3 Raa8 24. Rac1 Rdc8 25. Kf2 Bd8 26. Rxd7 Rxc1 27. f5 d5 28. exd5 Rc7 29. Rxc7 Bxc7 30. dxe6 fxe6 31. Bxe6 Bxg3+ 32. Kxg3 Ke7 33. Kf4 Kf6 34. Ke4 Rd8 35. b4 h5 36. Bd5 Re8+ 37. Kxd4 Kxf5 38. Be4+ Kf6 39. Kc5 Re5+ 40. Bd5 h4 41. d4 Rf5 42. h3 Ke7 43. Kc6 Rf4 44. Kc5 Rf5 45. Kc6 Rf4 46. Kxb5 Rxd4 47. Kc5 Rd1 48. a4 Kd7 49. a5 Kc7 50. b5 Rc1+ 51. Bc4 Rc2 52. b6+ Kc8 53. a6 Rc1 54. a7 Kb7 55. Kd4 1-0

[Event "BL2-Sued 1718"]
[Site "Germany"]
[Date "2017.11.11"]
[Round "3.5"]
[White "Drabke, Lorenz Maximilian"]
[Black "Tran, Thanh Kien"]
[Result "1-0"]
[WhiteElo "2453"]
[BlackElo "2224"]
[PlyCount "57"]
[EventDate "2017.10.21"]
[EventType "team-tourn"]
[EventRounds "10"]
[EventCountry "GER"]
[SourceTitle "CBM 183 Extra"]
[Source "ChessBase"]
[SourceDate "2018.04.19"]
[SourceVersion "1"]
[SourceVersionDate "2018.04.19"]
[SourceQuality "1"]
[WhiteTeam "Baden-Baden II"]
[BlackTeam "Boeblingen"]
[WhiteTeamCountry "GER"]
[BlackTeamCountry "GER"]

1. e4 c5 2. Nf3 d6 3. Bc4 Nf6 4. d3 e6 5. Bb3 Be7 6. 0-0 0-0 7. c3 Nc6 8. Nbd2 b6 9. Re1 Ba6 10. Bc2 Qc7 11. Nf1 Rae8 12. Bf4 Ne5 13. Rc1 Ng6 14. Bd2 Rc8 15. Ng3 Rfe8 16. d4 cxd4 17. cxd4 Qb8 18. h4 Nf8 19. h5 h6 20. Bf4 Red8 21. Qd2 e5 22. Nf5 Qb7 23. Bxh6 Nxh5 24. Bxg7 Nxg7 25. Nh6+ Kh7 26. Nxf7 Kg8 27. Bb3 Nfe6 28. Nxd8 Rxd8 29. Qh6 1-0

[Event "AUT-chT2W 1718"]
[Site "Austria"]
[Date "2017.10.13"]
[Round "1.1"]
[White "Drabke, Lorenz Maximilian"]
[Black "Kessler, Luca"]
[Result "1/2-1/2"]
[WhiteElo "2453"]
[BlackElo "2431"]
[PlyCount "67"]
[EventDate "2017.10.13"]
[EventType "team-tourn"]
[EventRounds "11"]
[EventCountry "AUT"]
[SourceTitle "CBM 181 Extra"]
[Source "ChessBase"]
[SourceDate "2017.12.12"]
[SourceVersion "1"]
[SourceVersionDate "2017.12.12"]
[SourceQuality "1"]
[WhiteTeam "Dornbirn"]
[BlackTeam "Goetzis II"]
[WhiteTeamCountry "AUT"]
[BlackTeamCountry "AUT"]

1. e4 e5 2. Nf3 Nc6 3. Nc3 Nf6 4. Bb5 Bb4 5. 0-0 0-0 6. d3 Bxc3 7. bxc3 d6 8. Re1 a6 9. Bxc6 bxc6 10. d4 Qe7 11. Ba3 Nd7 12. Qd3 Qe6 13. c4 exd4 14. Nxd4 Ne5 15. Nxe6 Nxd3 16. cxd3 Bxe6 17. f4 c5 18. f5 Bd7 19. g4 f6 20. Kf2 Kf7 21. Bb2 h5 22. h3 hxg4 23. hxg4 Rh8 24. Rh1 a5 25. Bc3 a4 26. Ke3 g5 27. a3 Ke7 28. Rab1 Bc6 29. Kf3 Rae8 30. Ba5 Kd7 31. Bc3 Ke7 32. Kg3 Ra8 33. Kg2 Raf8 34. Kg3 1/2-1/2

[Event "AUT-chT2W 1617"]
[Site "Austria"]
[Date "2017.03.04"]
[Round "10.2"]
[White "Riediger, Martin"]
[Black "Drabke, Lorenz Maximilian"]
[Result "0-1"]
[WhiteElo "2288"]
[BlackElo "2485"]
[PlyCount "68"]
[EventDate "2016.10.28"]
[EventType "team-tourn"]
[EventRounds "11"]
[EventCountry "AUT"]
[SourceTitle "CBM 177 Extra"]
[Source "ChessBase"]
[SourceDate "2017.04.27"]
[SourceVersion "1"]
[SourceVersionDate "2017.04.27"]
[SourceQuality "1"]
[WhiteTeam "Ranshofen"]
[BlackTeam "Dornbirn"]
[WhiteTeamCountry "AUT"]
[BlackTeamCountry "AUT"]

1. Nf3 d5 2. d4 Nf6 3. c4 c6 4. e3 Bf5 5. cxd5 cxd5 6. Nc3 e6 7. Ne5 Nfd7 8. g4 Bg6 9. Nxg6 hxg6 10. Qb3 Qc7 11. e4 dxe4 12. d5 Nc5 13. Qc4 Qe5 14. dxe6 fxe6 15. Be3 Nc6 16. 0-0-0 a6 17. Bxc5 Bxc5 18. Qxe4 Qxe4 19. Nxe4 Bd4 20. Bg2 Ke7 21. h3 Rhd8 22. Rhe1 Rd5 23. Nc3 Rc5 24. Rd3 Bxf2 25. Re2 Nb4 26. Rdd2 Nxa2+ 27. Kd1 Rxc3 28. bxc3 Nxc3+ 29. Kc2 Nxe2 30. Rxe2 Rc8+ 31. Kd3 Rd8+ 32. Kc2 Bd4 33. Bxb7 a5 34. Be4 g5 0-1

[Event "Oberliga Baden 1617"]
[Site "Baden"]
[Date "2016.10.16"]
[Round "1.5"]
[White "Drabke, Lorenz Maximilian"]
[Black "Nabavi, Parwis"]
[Result "1/2-1/2"]
[WhiteElo "2483"]
[BlackElo "2181"]
[PlyCount "67"]
[EventDate "2016.10.16"]
[EventType "team-tourn"]
[EventRounds "9"]
[EventCountry "GER"]
[SourceTitle "EXT 2018"]
[Source "ChessBase"]
[SourceDate "2017.10.13"]
[SourceVersion "1"]
[SourceVersionDate "2017.10.13"]
[SourceQuality "1"]
[WhiteTeam "Baden-Baden II"]
[BlackTeam "Dreisamtal"]
[WhiteTeamCountry "GER"]
[BlackTeamCountry "GER"]

1. e4 e5 2. Bc4 Nc6 3. Nc3 Nf6 4. d3 Bc5 5. Nf3 d6 6. 0-0 h6 7. Be3 Bg4 8. Bxc5 dxc5 9. Bb5 Qd6 10. h3 Bd7 11. Nd2 0-0 12. Nc4 Qe7 13. f4 exf4 14. Rxf4 Ne5 15. Ne3 c6 16. Ba4 b5 17. Bb3 c4 18. dxc4 bxc4 19. Ba4 Rab8 20. b3 Qc5 21. Qe1 Rfe8 22. Kh1 Ng6 23. Rf3 Nxe4 24. Nxc4 Nd6 25. Qg1 Qxg1+ 26. Kxg1 Nxc4 27. bxc4 Ne5 28. Rf4 Rb4 29. Rd1 Be6 30. Bb3 Kf8 31. Re4 Bf5 32. Rf4 Be6 33. Re4 Bf5 34. Rf4 1/2-1/2

[Event "SUI-ch op"]
[Site "Flims"]
[Date "2016.07.14"]
[Round "8"]
[White "Drabke, Lorenz Maximilian"]
[Black "Botta, Gabriele"]
[Result "1-0"]
[WhiteElo "2486"]
[BlackElo "2336"]
[PlyCount "87"]
[EventDate "2016.07.08"]
[EventType "swiss"]
[EventRounds "9"]
[EventCountry "SUI"]
[SourceTitle "CBM 173 Extra"]
[Source "ChessBase"]
[SourceDate "2016.08.29"]
[SourceVersion "1"]
[SourceVersionDate "2016.08.29"]
[SourceQuality "1"]

1. e4 c5 2. Nf3 e6 3. d4 cxd4 4. Nxd4 a6 5. c4 Nf6 6. Nc3 Qc7 7. a3 b6 8. Be2 Bb7 9. f3 d6 10. Be3 Be7 11. Qd2 Nbd7 12. Rc1 0-0 13. 0-0 Rac8 14. b4 Qb8 15. Rfd1 Rfd8 16. Kh1 h5 17. Bg5 Ne5 18. Na4 Ba8 19. Qe3 Qb7 20. Nb3 Rb8 21. Nb2 h4 22. Nd3 h3 23. gxh3 Nxd3 24. Rxd3 d5 25. cxd5 exd5 26. e5 Ne4 27. Bxe7 Qxe7 28. fxe4 Qxe5 29. exd5 Bxd5+ 30. Bf3 Bxf3+ 31. Qxf3 Rxd3 32. Qxd3 Re8 33. Nd2 g6 34. Nf3 Qf4 35. Re1 Rxe1+ 36. Nxe1 Qc1 37. Qg3 a5 38. bxa5 bxa5 39. Kg2 a4 40. Kf1 Kg7 41. Qe5+ Kh6 42. Qh8+ Kg5 43. Qd8+ Kh6 44. Qh4+ 1-0

[Event "BL2-Sued 1516"]
[Site "Germany"]
[Date "2016.03.13"]
[Round "8.6"]
[White "Drabke, Lorenz Maximilian"]
[Black "Mandel, Andreas"]
[Result "1/2-1/2"]
[WhiteElo "2479"]
[BlackElo "2400"]
[PlyCount "63"]
[EventDate "2015.09.20"]
[EventType "team-tourn"]
[EventRounds "9"]
[EventCountry "GER"]
[SourceTitle "EXT 2017"]
[Source "ChessBase"]
[SourceDate "2016.10.25"]
[SourceVersion "1"]
[SourceVersionDate "2016.10.25"]
[SourceQuality "1"]
[WhiteTeam "Baden-Baden II"]
[BlackTeam "Viernheim"]
[WhiteTeamCountry "GER"]
[BlackTeamCountry "GER"]

1. e4 c5 2. Nc3 g6 3. h4 h5 4. Bc4 Nc6 5. a3 d6 6. d3 Bg7 7. Nge2 Nf6 8. Bg5 Rb8 9. Qd2 a6 10. Ba2 b5 11. f3 Bd7 12. Rb1 a5 13. Nd5 b4 14. axb4 Nxb4 15. Bc4 Nbxd5 16. exd5 a4 17. 0-0 0-0 18. Rfe1 Re8 19. c3 Nh7 20. Bh6 e5 21. dxe6 Bxe6 22. Bxg7 Kxg7 23. Nf4 Bxc4 24. Rxe8 Qxe8 25. dxc4 Qe7 26. Ra1 Qxh4 27. Rxa4 Ng5 28. Nd3 Qg3 29. Kf1 h4 30. Qf2 Qh2 31. Qg1 Qg3 32. Qf2 1/2-1/2

[Event "AUT-chT2W 1516"]
[Site "Austria"]
[Date "2015.11.29"]
[Round "5.1"]
[White "Drabke, Lorenz Maximilian"]
[Black "Wachinger, Guenther"]
[Result "1-0"]
[WhiteElo "2462"]
[BlackElo "2233"]
[PlyCount "41"]
[EventDate "2015.10.16"]
[EventType "team-tourn"]
[EventRounds "11"]
[EventCountry "AUT"]
[SourceTitle "EXT 2017"]
[Source "ChessBase"]
[SourceDate "2016.10.25"]
[SourceVersion "1"]
[SourceVersionDate "2016.10.25"]
[SourceQuality "1"]
[WhiteTeam "Dornbirn"]
[BlackTeam "Voels/Innsbruck"]
[WhiteTeamCountry "AUT"]
[BlackTeamCountry "AUT"]

1. e4 c5 2. Nc3 e6 3. g3 d5 4. exd5 exd5 5. Bg2 Nf6 6. d3 d4 7. Ne4 Nxe4 8. dxe4 Nc6 9. Ne2 Bd6 10. 0-0 0-0 11. Nf4 f5 12. c3 Bxf4 13. Bxf4 Qf6 14. exf5 Qxf5 15. Qb3+ Kh8 16. Rae1 Qh5 17. Qb5 Bh3 18. Bxh3 Qxh3 19. Qxb7 Rac8 20. Bd6 Rfd8 21. Bc7 1-0

[Event "AUT-chT2W 1516"]
[Site "Austria"]
[Date "2015.11.28"]
[Round "4.1"]
[White "Hausner, Ivan"]
[Black "Drabke, Lorenz Maximilian"]
[Result "1/2-1/2"]
[WhiteElo "2332"]
[BlackElo "2462"]
[PlyCount "54"]
[EventDate "2015.10.16"]
[EventType "team-tourn"]
[EventRounds "11"]
[EventCountry "AUT"]
[SourceTitle "EXT 2017"]
[Source "ChessBase"]
[SourceDate "2016.10.25"]
[SourceVersion "1"]
[SourceVersionDate "2016.10.25"]
[SourceQuality "1"]
[WhiteTeam "Zillertal"]
[BlackTeam "Dornbirn"]
[WhiteTeamCountry "AUT"]
[BlackTeamCountry "AUT"]

1. d4 d5 2. c4 c6 3. cxd5 cxd5 4. Nc3 Nf6 5. Bf4 a6 6. e3 Qb6 7. a3 Bd7 8. b4 e6 9. Bd3 Bd6 10. Na4 Bxa4 11. Qxa4+ Nbd7 12. Ne2 0-0 13. 0-0 Rac8 14. Rfc1 Bxf4 15. Nxf4 Qd6 16. Qd1 g6 17. Rxc8 Rxc8 18. Rc1 Rc6 19. Rxc6 Qxc6 20. Qc2 Qxc2 21. Bxc2 Kf8 22. Nd3 b6 23. Kf1 Ne4 24. Ke2 Nc3+ 25. Kd2 Ne4+ 26. Ke2 Nc3+ 27. Kd2 Ne4+ 1/2-1/2

[Event "AUT-chT2W 1516"]
[Site "Austria"]
[Date "2015.10.16"]
[Round "1.1"]
[White "Drabke, Lorenz Maximilian"]
[Black "Kessler, Luca"]
[Result "1/2-1/2"]
[WhiteElo "2462"]
[BlackElo "2324"]
[PlyCount "89"]
[EventDate "2015.10.16"]
[EventType "team-tourn"]
[EventRounds "11"]
[EventCountry "AUT"]
[SourceTitle "CBM 168 Extra"]
[Source "ChessBase"]
[SourceDate "2015.10.29"]
[SourceVersion "1"]
[SourceVersionDate "2015.10.29"]
[SourceQuality "1"]
[WhiteTeam "Dornbirn"]
[BlackTeam "Goetzis II"]
[WhiteTeamCountry "AUT"]
[BlackTeamCountry "AUT"]

1. e4 c5 2. Nc3 e6 3. g3 Nc6 4. Bg2 g6 5. d3 Bg7 6. Be3 Nd4 7. Nce2 Ne7 8. c3 Nxe2 9. Nxe2 b6 10. d4 cxd4 11. Bxd4 e5 12. Be3 Bb7 13. Qd6 Nf5 14. Qd2 Nxe3 15. Qxe3 0-0 16. 0-0 Qc7 17. Rfd1 b5 18. Qd3 Bc6 19. c4 bxc4 20. Qxc4 Qb7 21. b3 Kh8 22. Nc3 f5 23. Nd5 a5 24. Ne7 Bxe4 25. Bxe4 fxe4 26. Nd5 a4 27. b4 a3 28. Qxe4 Rac8 29. Rac1 Qa7 30. Ne3 Rxc1 31. Rxc1 Qd4 32. Qxd4 exd4 33. Nd5 Re8 34. b5 d3 35. Kf1 Bd4 36. Rd1 Re2 37. Rxd3 Rxf2+ 38. Ke1 Rxa2 39. Rxd4 Rxh2 40. Nb4 a2 41. Nxa2 Rxa2 42. Rxd7 Rb2 43. Rb7 h5 44. b6 Kg8 45. Kf1 1/2-1/2

[Event "NATO-ch 26th"]
[Site "Amsterdam"]
[Date "2015.07.10"]
[Round "7.1"]
[White "Drabke, Lorenz Maximilian"]
[Black "Volodin, Aleksandr"]
[Result "1/2-1/2"]
[WhiteElo "2471"]
[BlackElo "2490"]
[PlyCount "25"]
[EventDate "2015.07.06"]
[EventType "swiss"]
[EventRounds "7"]
[EventCountry "NED"]
[SourceTitle "EXT 2016"]
[Source "ChessBase"]
[SourceDate "2015.10.08"]
[SourceVersion "1"]
[SourceVersionDate "2015.10.08"]
[SourceQuality "1"]
[WhiteTeam "Germany"]
[BlackTeam "Estonia"]
[WhiteTeamCountry "GER"]
[BlackTeamCountry "EST"]

1. e4 g6 2. d4 Bg7 3. Nc3 c6 4. Nf3 d5 5. h3 dxe4 6. Nxe4 Nf6 7. Nxf6+ Bxf6 8. c3 0-0 9. Bh6 Re8 10. Bc4 e5 11. dxe5 Nd7 12. Bf4 Nxe5 13. Bxe5 1/2-1/2

[Event "NATO-ch 26th"]
[Site "Amsterdam"]
[Date "2015.07.09"]
[Round "5.3"]
[White "Drabke, Lorenz Maximilian"]
[Black "Michalski, Daniel"]
[Result "1-0"]
[WhiteElo "2471"]
[BlackElo "2112"]
[PlyCount "45"]
[EventDate "2015.07.06"]
[EventType "swiss"]
[EventRounds "7"]
[EventCountry "NED"]
[SourceTitle "EXT 2016"]
[Source "ChessBase"]
[SourceDate "2015.10.08"]
[SourceVersion "1"]
[SourceVersionDate "2015.10.08"]
[SourceQuality "1"]
[WhiteTeam "Germany"]
[BlackTeam "NATO"]
[WhiteTeamCountry "GER"]

1. Nf3 Nf6 2. g3 g6 3. b4 Bg7 4. Bb2 d5 5. Bg2 0-0 6. 0-0 Nbd7 7. Na3 c5 8. bxc5 Nxc5 9. c4 dxc4 10. Nxc4 Be6 11. Ne3 Rc8 12. d4 Nce4 13. Qd3 Nd6 14. d5 Bd7 15. a4 b5 16. Ne5 Nc4 17. N5xc4 Bf5 18. Nxf5 bxc4 19. Qf3 gxf5 20. Qxf5 c3 21. Ba3 Re8 22. Rac1 Qa5 23. Bxe7 1-0

[Event "NATO-ch 26th"]
[Site "Amsterdam"]
[Date "2015.07.07"]
[Round "2.2"]
[White "Nielsen, Jan Mose"]
[Black "Drabke, Lorenz Maximilian"]
[Result "0-1"]
[WhiteElo "2074"]
[BlackElo "2471"]
[PlyCount "48"]
[EventDate "2015.07.06"]
[EventType "swiss"]
[EventRounds "7"]
[EventCountry "NED"]
[SourceTitle "EXT 2016"]
[Source "ChessBase"]
[SourceDate "2015.10.08"]
[SourceVersion "1"]
[SourceVersionDate "2015.10.08"]
[SourceQuality "1"]
[WhiteTeam "Denmark"]
[BlackTeam "Germany"]
[WhiteTeamCountry "DEN"]
[BlackTeamCountry "GER"]

1. d4 d5 2. c4 c6 3. Nc3 dxc4 4. a4 e5 5. e3 exd4 6. exd4 Be6 7. Nf3 Ne7 8. Ne5 Nf5 9. Be3 Nxe3 10. fxe3 Bd6 11. Nxc4 Qh4+ 12. Kd2 Bc7 13. Bd3 Na6 14. Qf3 Nb4 15. Be2 0-0-0 16. Rad1 c5 17. g3 Qh6 18. Nb5 cxd4 19. Rc1 Bxc4 20. Rxc4 Qxe3+ 21. Qxe3 dxe3+ 22. Kxe3 Rhe8+ 23. Kf3 Nc6 24. Rc2 Bb6 0-1

[Event "Belp op"]
[Site "Belp"]
[Date "2015.05.25"]
[Round "5"]
[White "Drabke, Lorenz Maximilian"]
[Black "Vijayalakshmi, Subbaraman"]
[Result "1-0"]
[WhiteElo "2484"]
[BlackElo "2336"]
[PlyCount "69"]
[EventDate "2015.05.23"]
[EventType "swiss"]
[EventRounds "5"]
[EventCountry "SUI"]
[SourceTitle "EXT 2016"]
[Source "ChessBase"]
[SourceDate "2015.10.08"]
[SourceVersion "1"]
[SourceVersionDate "2015.10.08"]
[SourceQuality "1"]

1. e4 c5 2. Nc3 Nc6 3. Bb5 g6 4. Bxc6 dxc6 5. f4 Bg7 6. Nf3 Bg4 7. 0-0 e5 8. d3 Nf6 9. h3 Bxf3 10. Qxf3 Nd7 11. f5 Qe7 12. Be3 g5 13. a3 h5 14. b4 0-0-0 15. Bxc5 Qf6 16. Bf2 g4 17. Qe3 Bh6 18. Qe1 gxh3 19. gxh3 Rdg8+ 20. Kh1 Qg5 21. Rg1 Qf4 22. Qe2 a6 23. a4 Nf6 24. Rxg8+ Rxg8 25. b5 Ng4 26. hxg4 hxg4 27. Kg2 g3 28. Bc5 Rg4 29. Rh1 Rh4 30. Rxh4 Qxh4 31. Bg1 cxb5 32. axb5 a5 33. Qe1 Bf4 34. Nd5 Qh5 35. Qc3+ 1-0

[Event "Belp op"]
[Site "Belp"]
[Date "2015.05.23"]
[Round "2"]
[White "Drabke, Lorenz Maximilian"]
[Black "Schweighoffer, Martin"]
[Result "1-0"]
[WhiteElo "2484"]
[BlackElo "2090"]
[PlyCount "167"]
[EventDate "2015.05.23"]
[EventType "swiss"]
[EventRounds "5"]
[EventCountry "SUI"]
[SourceTitle "EXT 2016"]
[Source "ChessBase"]
[SourceDate "2015.10.08"]
[SourceVersion "1"]
[SourceVersionDate "2015.10.08"]
[SourceQuality "1"]

1. e4 e5 2. Bc4 Nf6 3. d3 Nc6 4. Nf3 Be7 5. 0-0 0-0 6. Bb3 d6 7. c3 Na5 8. Bc2 c5 9. a3 Nc6 10. b4 cxb4 11. axb4 Qc7 12. Bb3 Be6 13. Bxe6 fxe6 14. b5 Nd8 15. Qb3 b6 16. Re1 Re8 17. Nbd2 Bf8 18. d4 Nb7 19. Ba3 Na5 20. Qa4 exd4 21. cxd4 e5 22. Bb4 Nb7 23. Rec1 Qd8 24. dxe5 Nd7 25. Qa2+ Kh8 26. Qd5 Nbc5 27. exd6 Nf6 28. Qa2 Nfxe4 29. Nxe4 Nxe4 30. Rd1 Qf6 31. Qd5 Bxd6 32. Bxd6 Rad8 33. Qh5 Nxd6 34. Rxa7 Nxb5 35. Rad7 Nc3 36. Ng5 Qxg5 37. Qxg5 Rxd7 38. Ra1 Ra7 39. Rf1 Ra2 40. h4 h6 41. Qg6 Rf8 42. Qxb6 Ne2+ 43. Kh2 Ra4 44. g3 Raa8 45. Qb2 Rae8 46. Kg2 Rf6 47. Rd1 Rg6 48. Kh3 Rf6 49. Kg2 Rg6 50. Kh3 Rf6 51. Rd7 Ng1+ 52. Kg2 Nf3 53. Rd5 Kh7 54. Qc2+ Kh8 55. Qc3 Ne1+ 56. Kf1 Nf3 57. Rd1 Kh7 58. Kg2 Kh8 59. Qb2 Kh7 60. Qxf6 gxf6 61. Kxf3 Kg6 62. Rd5 h5 63. g4 hxg4+ 64. Kxg4 Re1 65. h5+ Kf7 66. Kf5 Rh1 67. Rd7+ Ke8 68. Rh7 Rh2 69. f4 Rh4 70. Ke6 Kf8 71. f5 Kg8 72. Rh6 Kg7 73. Rg6+ Kh7 74. h6 Rh1 75. Kxf6 Rh2 76. Ke7 Re2+ 77. Re6 Rf2 78. f6 Kxh6 79. Re1 Kg6 80. Rg1+ Kh7 81. f7 Re2+ 82. Kf8 Rh2 83. Re1 Ra2 84. Rh1+ 1-0

[Event "AUT-chT2W 1415"]
[Site "Austria"]
[Date "2015.03.08"]
[Round "11.3"]
[White "Spornberger, Maximilian"]
[Black "Drabke, Lorenz Maximilian"]
[Result "0-1"]
[WhiteElo "2303"]
[BlackElo "2457"]
[PlyCount "58"]
[EventDate "2014.10.10"]
[EventType "team-tourn"]
[EventRounds "11"]
[EventCountry "AUT"]
[SourceTitle "EXT 2016"]
[Source "ChessBase"]
[SourceDate "2015.10.08"]
[SourceVersion "1"]
[SourceVersionDate "2015.10.08"]
[SourceQuality "1"]
[WhiteTeam "Rum Rochade"]
[BlackTeam "Dornbirn"]
[WhiteTeamCountry "AUT"]
[BlackTeamCountry "AUT"]

1. e4 c5 2. d4 cxd4 3. c3 Nf6 4. e5 Nd5 5. Nf3 e6 6. cxd4 d6 7. Bc4 Nc6 8. 0-0 Be7 9. Qe2 0-0 10. Qe4 Qc7 11. a3 Na5 12. Ba2 Bd7 13. Re1 Rac8 14. Nbd2 Kh8 15. h4 Ba4 16. Qg4 Bc2 17. Ne4 dxe5 18. dxe5 Qb6 19. b4 Nb3 20. Bxb3 Bxb3 21. Qh5 Rc2 22. Nfg5 Bxg5 23. hxg5 Qd4 24. Rb1 Ba2 25. Bb2 Rxb2 26. Rbd1 Qxe5 27. g4 Rb1 28. Nf6 Nxf6 29. gxf6 Qxh5 0-1

[Event "AUT-chT2W 1415"]
[Site "Austria"]
[Date "2015.03.06"]
[Round "9.2"]
[White "Drabke, Lorenz Maximilian"]
[Black "Hajdarevic, Dino"]
[Result "1-0"]
[WhiteElo "2457"]
[BlackElo "2142"]
[PlyCount "49"]
[EventDate "2014.10.10"]
[EventType "team-tourn"]
[EventRounds "11"]
[EventCountry "AUT"]
[SourceTitle "EXT 2016"]
[Source "ChessBase"]
[SourceDate "2015.10.08"]
[SourceVersion "1"]
[SourceVersionDate "2015.10.08"]
[SourceQuality "1"]
[WhiteTeam "Dornbirn"]
[BlackTeam "Innsbruck"]
[WhiteTeamCountry "AUT"]
[BlackTeamCountry "AUT"]

1. e4 c5 2. Nf3 d6 3. d4 cxd4 4. Nxd4 Nf6 5. f3 g6 6. c4 Bg7 7. Nc3 0-0 8. Be3 Nc6 9. Qd2 Bd7 10. Nc2 Rc8 11. Be2 Ne5 12. b3 a6 13. 0-0 Re8 14. Rac1 Qa5 15. Rfd1 b5 16. c5 b4 17. Nb1 Qxa2 18. Nxb4 Qxb3 19. Nxa6 Be6 20. Rc3 Qa4 21. cxd6 exd6 22. Nc7 d5 23. Bb5 Qa5 24. Nxe8 Rxc3 25. Nxg7 1-0